| 000 | 00629nam a2200193 i 4500 | ||
|---|---|---|---|
| 001 | 113743 | ||
| 003 | ES-MaACL | ||
| 005 | 20250523193931.0 | ||
| 007 | t| | ||
| 008 | 061121s1970 sp af |||| | spa d | ||
| 100 | 1 |
_aNoguera Rosado, Joaquín. _985879 |
|
| 245 | 1 | 0 |
_aItinerarios turísticos de Écija / _cJoaquín Noguera Rosado ; prólogo de Manuel Gómez García. |
| 260 |
_aÉcija [Sevilla] : _bGrafisol, _c1970. |
||
| 300 |
_a151 p., 10 lám. : _bil. ; _c22 cm. |
||
| 651 | 4 |
_aÉcija- _vGuías turísticas. _9166417 |
|
| 700 | 1 |
_aGómez García, Manuel _957967 |
|
| 852 |
_aES-MaACL _jC-44228 |
||
| 999 |
_c113743 _d113743 |
||